000 00526nam a2200169Ia 4500
008 140925s9999 xx 000 0 und d
245 _aJournal of public affairs /
_h[electronic resource]
260 _bJohn Wiley & Sons, Inc.,
_cc2014.
516 _aElectronic text
650 _aJournal.
650 _aMarketing Management.
650 _aPublic affairs.
830 _aJohn Wiley & Sons, Inc.
856 _uhttp://onlinelibrary.wiley.com/doi/10.1002/pa.v14.1/issuetoc
942 _cEJ
999 _c275848
_d275848